| 000 | 01321aam a2200301 a 4500 | ||
|---|---|---|---|
| 001 | 001383035 | ||
| 003 | AR-BaBN | ||
| 005 | 20260309112831.0 | ||
| 007 | ta | ||
| 008 | 161227s2014 ag a cr 001 f spa | ||
| 015 | _aAR-2014 | ||
| 020 | _a978-950-46-3478-2 | ||
| 040 |
_aAR-BaBN _bspa _cAR-BaBN _eaacr |
||
| 044 |
_aag _car-c |
||
| 080 | 1 |
_a821.134.2(82)-93 _22016 |
|
| 100 | 1 |
_aBrandán Aráoz, María, _d1949- _eautora _4aut |
|
| 245 | 1 | 0 |
_aVecinos y detectives en Belgrano / _cMaría Brandán Aráoz ; ilustraciones de Shula Goldman. |
| 250 | _a1a ed. | ||
| 260 |
_aBuenos Aires : _bAlfaguara, _c2014. |
||
| 300 |
_a164 p. : _bil. ; _c20 cm. |
||
| 490 | 1 | _aAlfaguara Juvenil. Azul | |
| 520 | 3 |
_a«Vecinos y detectives en Belgrano cuenta la primera aventura de Mauro, Diego, Adela y Fernando, los protagonistas de Detectives en Palermo viejo, cuando se conocieron. Más chicos pero con el mismo espíritu detectivesco, descubren algo extraño en una carnicería de su barrio. Cuando comienzan a unir datos se encuentran frente a un caso de robo y realizan una arriesgada investigación». _c(Descripción del editor). |
|
| 521 | 1 | _aEdad sugerida desde los 12 años. | |
| 655 | 4 | _aLiteratura juvenil | |
| 655 | 4 | _aNovela | |
| 700 | 1 |
_aGoldman, Shula, _d1947- _eilustradora _4ill |
|
| 830 | 0 | _aAlfaguara Juvenil. Azul | |
| 999 |
_c954 _d954 |
||